| 000 | 01645nam a22003977 4500 | ||
|---|---|---|---|
| 001 | 768714001 | ||
| 003 | CO-MdFUSB | ||
| 005 | 20180622170021.0 | ||
| 008 | 170623t2012 p a|||f |||| 00| 0 spa d | ||
| 020 | _a9789972701818 | ||
| 040 |
_aCO-MdFUSB _bspa _cCO-MdFUSB _dCO-MdFUSBC _erda |
||
| 041 | _aspa | ||
| 082 |
_224 _a261.8 _bC555 |
||
| 100 | 1 |
_aChristian, Jayakumar, _d1954- _eautor. |
|
| 242 |
_aGod of the Empty-Handed : _bPoverty, power and the kingdom of God _lespañol |
||
| 245 |
_aEl Dios de los desposeídos _b: pobreza, poder y reino de Dios _c/ Jayakumar Christian ; [Virginia Anne Powell] |
||
| 264 | 1 |
_aPerú : _bPuma, _c[2012] |
|
| 264 | 4 | _c©2012 | |
| 300 |
_a302 páginas _b: ilustraciones a blanco y negro _c; 23 cm. |
||
| 336 |
_2rdacontent _a1 _ba1 |
||
| 337 |
_2rdamedia _a2 _b5 |
||
| 338 |
_2rdacarrier _a2 _b5 |
||
| 505 | _tAprender de la historia | ||
| 505 | _aTeorías acerca del desarrollo y supuestos sobre la pobreza -- Teología de la liberación y supuestos sobre la pobreza -- Respuestas históricas -- Cuatro respuestas contemporáneas | ||
| 505 | _tAprender de los pobres | ||
| 505 | _aPoder, visión del mundo y pobreza -- El sentido de la carencia de poder de los pobres | ||
| 505 | _tAprender del Reino de Dios | ||
| 505 | _aEl reino de Dios: breve estudio -- Apéndice: La naturaleza de los "poderes" | ||
| 534 |
_cGod of the Empty-Handed _pTítulo original en inglés |
||
| 563 | _aRústico | ||
| 650 | 7 |
_9405 _aSociología cristiana |
|
| 650 | 7 |
_9449 _aTeología de la liberación |
|
| 653 | _aPobreza -- Aspectos religiosos | ||
| 720 |
_aPowell, Virginia Anne _etraductor |
||
| 942 | _cBK | ||
| 999 |
_c63903 _d63903 |
||